<?xml version="1.0" encoding="UTF-8"?>
<collection xmlns="http://www.loc.gov/MARC21/slim">
 <record>
  <leader>01756nam a22004817a 4500</leader>
  <controlfield tag="001">000130744</controlfield>
  <controlfield tag="003">CZ-PrVSE</controlfield>
  <controlfield tag="005">20090908153430.0</controlfield>
  <controlfield tag="007">ta</controlfield>
  <controlfield tag="008">081118s1921    xxk    frb    001 0 eng d</controlfield>
  <datafield tag="010" ind1=" " ind2=" ">
   <subfield code="a">   27013543</subfield>
  </datafield>
  <datafield tag="020" ind1=" " ind2=" ">
   <subfield code="q">(Váz.)</subfield>
  </datafield>
  <datafield tag="035" ind1=" " ind2=" ">
   <subfield code="a">(OCoLC)3591367</subfield>
  </datafield>
  <datafield tag="040" ind1=" " ind2=" ">
   <subfield code="a">ABA006</subfield>
   <subfield code="b">cze</subfield>
   <subfield code="c">ABA006</subfield>
   <subfield code="d">ABA006</subfield>
  </datafield>
  <datafield tag="072" ind1=" " ind2="7">
   <subfield code="a">33</subfield>
   <subfield code="x">Ekonomie</subfield>
   <subfield code="2">Konspekt</subfield>
   <subfield code="9">4</subfield>
  </datafield>
  <datafield tag="072" ind1=" " ind2="9">
   <subfield code="a">330</subfield>
   <subfield code="x">Economics</subfield>
   <subfield code="2">Conspectus</subfield>
   <subfield code="9">4</subfield>
  </datafield>
  <datafield tag="080" ind1=" " ind2=" ">
   <subfield code="a">33</subfield>
   <subfield code="2">MRF</subfield>
  </datafield>
  <datafield tag="080" ind1=" " ind2=" ">
   <subfield code="a">330.8</subfield>
   <subfield code="2">MRF</subfield>
  </datafield>
  <datafield tag="080" ind1=" " ind2=" ">
   <subfield code="a">330.101</subfield>
   <subfield code="2">MRF</subfield>
  </datafield>
  <datafield tag="080" ind1=" " ind2=" ">
   <subfield code="a">141.7</subfield>
   <subfield code="2">MRF</subfield>
  </datafield>
  <datafield tag="099" ind1=" " ind2="9">
   <subfield code="a">330.8MIL</subfield>
  </datafield>
  <datafield tag="100" ind1="1" ind2=" ">
   <subfield code="a">Mill, John Stuart,</subfield>
   <subfield code="d">1806-1873</subfield>
   <subfield code="7">jn20000604033</subfield>
   <subfield code="4">aut</subfield>
  </datafield>
  <datafield tag="245" ind1="1" ind2="0">
   <subfield code="a">Principles of political economy with some of their applications to social philosophy /</subfield>
   <subfield code="c">by John Stuart Mill ; edited with an introduction by W.J. Ashley</subfield>
  </datafield>
  <datafield tag="250" ind1=" " ind2=" ">
   <subfield code="a">New impression</subfield>
  </datafield>
  <datafield tag="260" ind1=" " ind2=" ">
   <subfield code="a">London :</subfield>
   <subfield code="b">Longmans, Green,</subfield>
   <subfield code="c">1921</subfield>
  </datafield>
  <datafield tag="300" ind1=" " ind2=" ">
   <subfield code="a">liiii, 1013 s.</subfield>
  </datafield>
  <datafield tag="504" ind1=" " ind2=" ">
   <subfield code="a">Obsahuje bibliografické odkazy a rejstřík</subfield>
  </datafield>
  <datafield tag="650" ind1="0" ind2="7">
   <subfield code="a">ekonomie</subfield>
   <subfield code="7">ph114430</subfield>
   <subfield code="2">czenas</subfield>
  </datafield>
  <datafield tag="650" ind1="0" ind2="7">
   <subfield code="a">ekonomické teorie</subfield>
   <subfield code="7">ph114428</subfield>
   <subfield code="2">czenas</subfield>
  </datafield>
  <datafield tag="650" ind1="0" ind2="7">
   <subfield code="a">sociální filozofie</subfield>
   <subfield code="7">ph125785</subfield>
   <subfield code="2">czenas</subfield>
  </datafield>
  <datafield tag="650" ind1="0" ind2="7">
   <subfield code="a">dějiny ekonomických teorií</subfield>
   <subfield code="7">ph492497</subfield>
   <subfield code="2">czenas</subfield>
  </datafield>
  <datafield tag="653" ind1="0" ind2=" ">
   <subfield code="a">ekonomické zákony</subfield>
  </datafield>
  <datafield tag="655" ind1=" " ind2="7">
   <subfield code="a">monografie</subfield>
   <subfield code="7">fd132842</subfield>
   <subfield code="2">czenas</subfield>
  </datafield>
  <datafield tag="650" ind1="0" ind2="9">
   <subfield code="a">economics</subfield>
   <subfield code="2">eczenas</subfield>
  </datafield>
  <datafield tag="650" ind1="0" ind2="9">
   <subfield code="a">economics (theory)</subfield>
   <subfield code="2">eczenas</subfield>
  </datafield>
  <datafield tag="650" ind1="0" ind2="9">
   <subfield code="a">social philosophy</subfield>
   <subfield code="2">eczenas</subfield>
  </datafield>
  <datafield tag="650" ind1="0" ind2="9">
   <subfield code="a">history of economic thought</subfield>
   <subfield code="2">eczenas</subfield>
  </datafield>
  <datafield tag="655" ind1=" " ind2="9">
   <subfield code="a">monographs</subfield>
   <subfield code="2">eczenas</subfield>
  </datafield>
  <datafield tag="700" ind1="1" ind2=" ">
   <subfield code="a">Ashley, W. J.</subfield>
   <subfield code="q">(William James),</subfield>
   <subfield code="c">Sir,</subfield>
   <subfield code="d">1860-1927</subfield>
   <subfield code="7">vse2007365398</subfield>
   <subfield code="4">edt</subfield>
   <subfield code="4">aui</subfield>
  </datafield>
  <datafield tag="993" ind1=" " ind2=" ">
   <subfield code="a">003884802</subfield>
  </datafield>
  <datafield tag="996" ind1=" " ind2=" ">
   <subfield code="1">PKF5</subfield>
   <subfield code="3">P1635</subfield>
   <subfield code="4">N:G</subfield>
   <subfield code="5">3142219821</subfield>
   <subfield code="7">Donated Chris Tame Library</subfield>
   <subfield code="8">20081118</subfield>
   <subfield code="9">330.8MIL</subfield>
   <subfield code="f">81</subfield>
   <subfield code="l">UEP01</subfield>
   <subfield code="m">BOOK</subfield>
   <subfield code="q">Chris Tame Library</subfield>
   <subfield code="t">na 1 měsíc</subfield>
   <subfield code="u">UEP01</subfield>
   <subfield code="w">20081201</subfield>
  </datafield>
 </record>
</collection>
